| 000 | 00567nam a2200205Ia 4500 | ||
|---|---|---|---|
| 003 | OSt | ||
| 005 | 20250303160330.0 | ||
| 008 | 210210b1971 xxu||||| |||| 00| 0 eng d | ||
| 040 | _cAL | ||
| 041 | _ahin | ||
| 082 | _aH891.9 RAOV | ||
| 100 |
_aRAO (Narl Venkateshvar): _9203547 |
||
| 110 |
_bराव नारी वेंकटेश्वर _9203548 |
||
| 245 |
_aVireshalingam: _bवीरेशलिंगम |
||
| 260 |
_aNayi Dilli _bSahitya Academy _c1971 |
||
| 300 | _a88 | ||
| 690 |
_aHindi Criticism _9203549 |
||
| 906 | _a029938 | ||
| 942 |
_2ddc _cBK |
||
| 999 |
_c81136 _d81136 |
||